LEADER 01049nam a2200205 4500 001 000000358775 003 CaOOAMICUS 005 20240708161052.0 008 240708s1913 it 000 u ita r 040 $aSeMil$bita 100 1 $aVecchini, Arturo <1857-1927>.$0(OLS)http://semarc/name/119896 245 10$aItalia e Savoia :$bdiscorso pronunciato il 28 aprile 1913 nel Teatro della Scala di Milano nel bicentenario del trattato di Utrecht (1713-1913) /$cArturo Vecchini. 264 1$aMilano :$bAlberto Cazzaniga & C.,$cAnno. 300 $a23 p. ;$c22 cm 600 34$aSavoia .$0(OLS)http://semarc/subject/8322 850 $aSeMil 852 $aSeMil$W1$xVenegono$y1$m5C VI 3/20$j249220$B249844$CSeMilBibl$Z2$F249844 $81 996 $6245$aItalia e Savoia :$bdiscorso pronunciato il 28 aprile 1913 nel Teatro della Scala di Milano nel bicentenario del trattato di Utrecht (1713-1913)$9(OLS)http://semarc/title/449182 996 $6264$aMilano :$bAlberto Cazzaniga & C.$9(OLS)http://semarc/publisher/61817 LEADER 00877nam a2200241 i 4500 001 000000210595 003 CaOOAMICUS 005 20120202000000.0 008 120202s1953 it u000 u ita u 013 $a189408 040 $aSeMil$bita 100 1 $aZolli, Eugenio <1881-1956>.$0(OLS)http://semarc/name/20681 245 12$aL'ebraismo /$cEugenio Zolli. 260 $aRoma :$bStudium,$cstampa 1953. 300 $a152 p. ;$c18 cm. 490 0 $aUniversale Studium ;$v22 500 $aContiene : Bibliografia. 650 4$aGiudaismo.$0(OLS)http://semarc/subject/2880 830 0$aUniversale Studium ;$v22.$0(OLS)http://semarc/title/6856 850 $aSeMil 852 $aSeMil$W1$xVenegono$y1$m3W I 65$j263386$B161042$CSeMilBibl$Z2$F172199 $81 996 $6245$aL'ebraismo$9(OLS)http://semarc/title/212669 996 $6260$aRoma :$bStudium$9(OLS)http://semarc/publisher/29617